000
00238nam a22000857a 4500
008
161126b xxu||||| |||| 00| 0 eng d
100
_9
1472
_a
Young Learners
245
_a
Three little Pigs
260
_a
New Delhi
_b
Young Learners publication
_c
2011
999
_c
4193
_d
4193